Tunezja - podział administracyjny Tunezji (Wilajety Tunezji) - Mapa - Statystyki

Ogólne statystyki
  • Ten quiz został rozwiązany 9 razy
  • Średni wynik to 5 z 24
Odpowiedzi na mapie
Odpowiedzi zakodowano w zielono-czerwonej skali na mapie do tego quizu, zgodnie z poniższymi procentami.
 
Statystyki odpowiedzi
Wilajet % Poprawnych
Tunis
100%
Bizerta
33%
Safakis
33%
Susa
33%
Al-Kaf
17%
Al-Kasrajn
17%
Al-Mahdija
17%
Arjana
17%
Badża
17%
Bin Arus
17%
Dżunduba
17%
Kabis
17%
Kafsa
17%
Kairuan
17%
Kibili
17%
Madanin
17%
Manuba
17%
Monastyr
17%
Nabul
17%
Sidi Bu Zajd
17%
Siljana
17%
Tatawin
17%
Tauzar
17%
Zaghwan
17%
Nie znaleziono quizów pasujących do podanych kryteriów
Rozkład punktacji
Procent ludzi z każdym wynikiem
Percentyl według liczby udzielonych odpowiedzi
Twoja historia wyników
Nie rozwiązałeś tego quizu